| 000 | 01132nam a2200325Ia 4500 | ||
|---|---|---|---|
| 001 | Para_314 | ||
| 003 | CHAP | ||
| 008 | 220125s1993 xx 000 0 und d | ||
| 010 | _a199069 | ||
| 040 | _cCHAP | ||
| 090 | _aPA FOLLETO 3235 | ||
| 100 |
_aAmado Alvarez, Jesús P. _9164394 |
||
| 245 |
_aEl agua de la laguna de Bustillos, Chihuahua : _b posibilidades de uso en la agrícultura / _c por Jesús P. Amado Alvarez, Venancio D. Solano Romero y Pedro Ortíz Franco |
||
| 260 |
_aCuauhtemoc, Chih. : _b INIFAP. Campo Experimental Sierra de Chihuahua |
||
| 300 | _a18 p. | ||
| 410 | _aFolleto técnico; 4 | ||
| 650 |
_aAgua para irrigación _x analisis _92433 |
||
| 650 | 0 |
_aAgua para irrigación _xCostos _9164395 |
|
| 700 | _a | ||
| 700 |
_aI. Solano Romero, Venancio D. _9164396 |
||
| 700 |
_aII. Ortíz Franco, Pedro _9164397 |
||
| 710 |
_aIII. INIFAP. México. Campo Experimental Sierra de Chihuahua _9164398 |
||
| 901 | _aPA FOLLETO 3235 | ||
| 902 | _aA | ||
| 905 | _a0000001993 0000000000 00 | ||
| 910 | _a1993 | ||
| 942 | _cPARA | ||
| 942 |
_cPARA _d1 |
||
| 999 |
_c199069 _d199069 |
||